Rozvojová a podnikateľská stratégia podniku založeného na nových technológiách (NTBF) diplomová práca

Salvato in:
Dettagli Bibliografici
Autore principale: Šurková, Dana
Ente Autore: Fakulta podnikového manažmentu EU. Katedra manažmentu
Altri autori: Slávik, Štefan, 1955-
Natura: Libro
Lingua:slovacco
Pubblicazione: Bratislava 2022
Tags: Aggiungi Tag
Nessun Tag, puoi essere il primo ad aggiungerne!!

MARC

LEADER 00000nbm a2200000 4500
001 0285439
005 20230323125519.2
041 0 |a slo 
044 |a SK 
245 1 0 |a Rozvojová a podnikateľská stratégia podniku založeného na nových technológiách (NTBF)  |b diplomová práca  |c Dana Šurková ; školiteľ: Štefan Slávik 
264 1 |a Bratislava  |c 2022 
300 |a 69 s. 
100 1 |a Šurková, Dana 
700 1 |a Slávik, Štefan, 1955- 
710 2 |a Fakulta podnikového manažmentu EU. Katedra manažmentu